000 00744nam a22002057a 4500
999 _c63263
_d63263
005 20250710121447.0
008 250710s2017 en ||||| |||| 00| 0 eng d
020 _a9780198840664 X
041 _aeng
080 _a342.4 R-86
100 _aROZNAI,YANIV
_925635
245 _aUNCONSTITUTIONAL CONSTITUTIONAL AMENDMENTS :
_b the limits of amendment /
_cYANIV ROZNAI
264 _aOXFORD :
_bOXFORD UNIV Press,
_c2019.
300 _a334 p.:
_b24 cm.
440 _aOXFORD CONSTITUTIONAL TEORY
_925636
653 _aUNCONSTITUTIONAL CONSTITUTIONAL AMENDMENTS : the limits of amendment
653 _aკონსტიტუციური ცვლილებები
653 _aსამართალი
942 _2udc
_cᲬᲘᲒᲜᲘ